00774 a2200181 4500020001500000020001800015082001500033100002400048245007900072260004400151300002100195490003300216500001500249520012600264830003300390856008200423856008700505 a0077078926 a978007707892804a658.4071241 aSalisbury, Frank S.10aDeveloping managers as coaches :ba trainer's guide /cFrank S. Salisbury. a[S.l.] :bMcGraw-Hill Companies,c1994. a136 p. ;c25 cm.1 aMcgraw hill training series. aPaperback. aOffers guidance on enlightening your managers on how to release latent skills and talent within your organization. Paper. 0aMcgraw hill training series.403Amazon.comuhttp://www.amazon.com/exec/obidos/ASIN/0077078926/chopaconline-20403Amazon customer reviewsuhttp://www.chopac.org/cgi-bin/tools/azrev.pl?q=0077078926